<Die> ungenutzten Erfolgs-Potentiale kleiner Technologie-Unternehmen.
Trh a podniky vyrábajúce ekologickú techniku. Marketing ako podmienka úspechu malých podnikov na veľkých trhoch. Spojenie techniky a marketingu. Organizačná štruktúra firmy EBIOX - tzv. kontextové riadenie bez klasickej hierarchie. Spoločný tím technikov a odborníkov na marketing. Marketingová strat...
Saved in:
| Main Author: | |
|---|---|
| Format: | Book Chapter |
| Language: | German |
| Subjects: | |
| Tags: |
No Tags, Be the first to tag this record!
|
MARC
| LEADER | 00000naa a2200000 4500 | ||
|---|---|---|---|
| 001 | r010869 | ||
| 005 | 20221130113125.0 | ||
| 041 | 0 | |a ger | |
| 044 | |a DE | ||
| 245 | 1 | 0 | |a <Die> ungenutzten Erfolgs-Potentiale kleiner Technologie-Unternehmen. |c B. Menke |
| 520 | |a Trh a podniky vyrábajúce ekologickú techniku. Marketing ako podmienka úspechu malých podnikov na veľkých trhoch. Spojenie techniky a marketingu. Organizačná štruktúra firmy EBIOX - tzv. kontextové riadenie bez klasickej hierarchie. Spoločný tím technikov a odborníkov na marketing. Marketingová stratégia na trhoch High-tech. Kombinácia technológie a služieb na trhu. Využívanie franchisingu. | ||
| 610 | 2 | 0 | |a technológie nové |
| 610 | 2 | 0 | |a ekológia |
| 610 | 2 | 0 | |a EBIOX AG |
| 610 | 2 | 0 | |a trh |
| 610 | 2 | 0 | |a podnik malý |
| 610 | 2 | 0 | |a marketing |
| 610 | 2 | 0 | |a štruktúra podniku organizačná |
| 610 | 2 | 0 | |a technika nová |
| 610 | 2 | 0 | |a franchising |
| 610 | 2 | 0 | |a služby |
| 610 | 2 | 0 | |a práca tímová |
| 610 | 2 | 0 | |a stratégia podniková |
| 610 | 2 | 0 | |a prieskum trhu |
| 100 | 1 | |a Menke, B. | |